000 00377cam a22001097a 4500
008 180718b1958 xxu||||| |||| 00| 0 eng d
082 _aQ436x42 un3
245 _aReport of the departmental committtee on the adoption of children
_cby Scottish Home Department
260 _aLondon
_bHer Majesty's Stationery Office
_c1958
300 _a87p.
700 _aU.K. Scottish Home Department
999 _c418511
_d418511